000 00760nam a2200169 a 4500
008 090527s1997 ||||||||||||||||| || u
020 _a9280507060
050 _aWIPO(02)
110 _aWorld Intellectual Property Organization (WIPO)
245 1 0 _aWIPO Copyright Treaty (WCT) (1996)
260 _aGeneva
_bWIPO
_c1997
300 _a53p.
350 _a0.00
650 _aCOPYRIGHT--WORLD INTELLECTUAL PROPERTY ORGANIZATION
995 _aSPECIAL COLLECTIONS
_D0.00
_e03004316
_FCBU-MAIN LIBRARY (Kitwe)
_H1
_I0.00
_jWIPO(02)1997/1A
_M1
_UAVAILABLE
_WJul 1, 2009
_yZ03004316
_ZInternational Publications
995 _aSPECIAL COLLECTIONS
_D0.00
_e03004317
_FCBU-MAIN LIBRARY (Kitwe)
_H1
_I0.00
_jWIPO(02)1997/1B
_M2
_UAVAILABLE
_WJul 1, 2009
_yZ03004317
_ZInternational Publications
999 _c83139
_d83139